000 00242nam a22001097a 4500
999 _c261060
_d261059
020 _a0590025554
100 _aJohn Peterson
245 _aThe Littles to the Rescue
260 _aNew York
_bScholastic
_c1968
300 _a94 pgs
942 _cBK